Kde domov můj (Czech anthem) - Statistics

General Stats
  • This quiz has been taken 637 times
  • The average score is 33 of 39
Answer Stats
slovo % Correct
2 domov
100%
1 Kde
100%
3 můj,
100%
5 domov
99%
4 kde
99%
6 můj.
99%
7 Voda
96%
8 hučí
95%
9 po
95%
10 lučinách
92%
13 po
90%
12 šumí
90%
11 bory
89%
14 skalinách,
88%
15 v
83%
19 jara
81%
16 sadě
81%
20 květ,
80%
18 se
80%
24 na
79%
25 pohled!
79%
22 ráj
79%
17 skví
79%
23 to
79%
21 zemský
79%
26 A
78%
28 je
78%
29 ta
78%
27 to
78%
33 česká
76%
34 domov
76%
30 krásná
76%
31 země,
76%
32 země
76%
35 můj,
75%
38 domov
74%
39 můj!
74%
36 země
74%
37 česká
73%
No matching quizzes found
Score Distribution
Percent of People with Each Score
Percentile by Number Answered
Your Score History
You have not taken this quiz